Anuario bibliográfico colombiano "Rubén Pérez Ortiz"... / (Record no. 173584)

MARC details
000 -LEADER
campo de control de longitud fija 00740nam a2200205 i 4500
001 - NÚMERO DE CONTROL
campo de control 173584
003 - IDENTIFICADOR DE NÚMERO DE CONTROL
campo de control ES-MaACL
005 - FECHA Y HORA DE LA ÚLTIMA TRANSACCIÓN
campo de control 20230906215259.0
007 - CAMPO FIJO DE DESCRIPCIÓN FÍSICA--INFORMACIÓN GENERAL
campo de control de longitud fija t|
008 - DATOS DE LONGITUD FIJA--INFORMACIÓN GENERAL
campo de control de longitud fija 091210q1980 sp ||||1| spa d
080 ## - NÚMERO DE LA CLASIFICACIÓN DECIMAL UNIVERSAL
Número de la Clasificación Decimal Universal 015(861)
245 00 - MENCIÓN DEL TÍTULO
Título Anuario bibliográfico colombiano "Rubén Pérez Ortiz"... /
Mención de responsabilidad, etc. compilado por Francisco José Romero Rojas.
260 ## - PUBLICACIÓN, DISTRIBUCIÓN, ETC.
Lugar de publicación, distribución, etc. Bogotá :
Nombre del editor, distribuidor, etc. Instituto Caro y Cuervo, Departamento de Bibliografía,
Fecha de publicación, distribución, etc. 1980-
300 ## - DESCRIPCIÓN FÍSICA
Extensión 8 v. ;
Dimensiones 24 cm.
505 8# - NOTA DE CONTENIDO CON FORMATO
Nota de contenido con formato Años 1977-78, 1979, 1980, 1982-83, 1984-85, 1986-87, 1988-1989, 1990-1991
650 14 - PUNTO DE ACCESO ADICIONAL DE MATERIA--TÉRMINO DE MATERIA
Término de materia o nombre geográfico como elemento de entrada Bibliografías colombianas.
9 (RLIN) 10522
700 1# - ENTRADA AGREGADA--NOMBRE PERSONAL
Nombre de persona Romero Rojas, Francisco José.
9 (RLIN) 99434
710 2# - ENTRADA AGREGADA--NOMBRE DE ENTIDAD CORPORATIVA
Nombre de entidad corporativa o nombre de jurisdicción como elemento de entrada Instituto Caro y Cuervo.
9 (RLIN) 4806
852 ## - LOCALIZACIÓN
Ubicación ES-MaACL
Número de control de estantería P-434
Holdings
Estatus retirado Estado de pérdida Fuente del sistema de clasificación o colocación Estado de daño No para préstamo Colección Biblioteca de origen Biblioteca actual Ubicación en estantería Fecha de adquisición Total de préstamos Signatura topográfica completa Código de barras Visto por última vez Precio de reemplazo Tipo de ítem Koha
    Clasificación decimal universal     Biblioteca profesional Biblioteca del Ateneo de Madrid Biblioteca del Ateneo de Madrid Depósito 2 10/12/2009   P-434 1182164 23/02/2023 23/02/2023 Libro impreso